Ansatze fur eine nachhaltige Regionalentwicklung mit Tourismus
Αποθηκεύτηκε σε:
| Συγγραφή απο Οργανισμό/Αρχή: | |
|---|---|
| Άλλοι συγγραφείς: | |
| Μορφή: | Βιβλίο |
| Γλώσσα: | Greek |
| Δημοσίευση: |
Berlin :
Verlag fur universitare Kommunikation Berlin,
c1995
|
| Σειρά: | Berichte und Materialien ;
; 14 |
| Θέματα: | |
| Ετικέτες: |
Προσθήκη ετικέτας
Δεν υπάρχουν, Καταχωρήστε ετικέτα πρώτοι!
|
MARC
| LEADER | 00000nam a2200000 i 4500 | ||
|---|---|---|---|
| 001 | 1/73910 | ||
| 008 | 990323s1995 gre d | ||
| 020 | |a 3928077139 | ||
| 035 | |l 10048927 | ||
| 040 | |a GR-MY-UA |b gre |e aacr | ||
| 041 | 0 | |a gre | |
| 082 | 0 | |a 338.4791 | |
| 110 | 1 | |a Freie Universitat Berlin Institut fur Tourismus. | |
| 245 | 1 | 0 | |a Ansatze fur eine nachhaltige Regionalentwicklung mit Tourismus / |c Christoph Becker |
| 260 | |a Berlin : |b Verlag fur universitare Kommunikation Berlin, |c c1995 | ||
| 300 | |a 135 s. | ||
| 490 | 1 | |a Berichte und Materialien |v ; 14 |x 09344276 | |
| 500 | |a Ausgewahlte vortage der 14.-16. Sitzung des Arbeitskreises "Freizeit - und Fremdenverkehrsgeographie" sowie der Varia-Sitzung "Nachhaltige Regionalentwicklung mit Tourismus" des 50. Deutschen Geographentages am 4.10.1995 in Potsdam | ||
| 650 | 0 | 0 | |a Tourism |x Congresses. |
| 700 | 1 | |a Becker, Christoph. |4 edt | |
| 830 | 0 | |a Berichte und Materialien ; |v ; 14 |x 09344276 | |
| 852 | |a INST |b CHIOS |e 19990323 |h 338.4791 ANS |p 005200014525 |q 005200014525 |t BK |y 0 | ||
| 901 | |a BIBL-1999-1 | ||
| 909 | |a Χ |b 055660 | ||
| 922 | |a 2ΔΩΡ |b 199903 |c ΜΕΤΑΠΤΥΧΙΑΚΟ ΤΟΥΡΙΣΜΟΥ |d GLORYBOOK-ECONOMIST | ||